Syria and the USA : (Record no. 22523)
[ view plain ]
| 000 -LEADER | |
|---|---|
| fixed length control field | 00929cam a22002655a 4500 |
| 001 - CONTROL NUMBER | |
| control field | 18192601 |
| 005 - DATE AND TIME OF LATEST TRANSACTION | |
| control field | 20161012112346.0 |
| 008 - FIXED-LENGTH DATA ELEMENTS--GENERAL INFORMATION | |
| fixed length control field | 140618t2013 enka frb 001 0 eng d |
| 020 ## - INTERNATIONAL STANDARD BOOK NUMBER | |
| International Standard Book Number | 9781780767680 |
| 040 ## - CATALOGING SOURCE | |
| Original cataloging agency | DLC |
| Language of cataloging | eng |
| Transcribing agency | DLC |
| Modifying agency | EG-ScBUE |
| 043 ## - GEOGRAPHIC AREA CODE | |
| Geographic area code | n-us--- |
| -- | a-sy--- |
| 082 04 - DEWEY DECIMAL CLASSIFICATION NUMBER | |
| Classification number | 327.7305691 |
| Edition number | 22 |
| Item number | MOU |
| 100 1# - MAIN ENTRY--PERSONAL NAME | |
| Personal name | Moubayed, Sami M. |
| 9 (RLIN) | 41466 |
| 245 10 - TITLE STATEMENT | |
| Title | Syria and the USA : |
| Remainder of title | Washington's relations with Damascus from Wilson to Eisenhower / |
| Statement of responsibility, etc | Sami Moubayed. |
| 246 3# - VARYING FORM OF TITLE | |
| Title proper/short title | Syria and the United States of America |
| 250 ## - EDITION STATEMENT | |
| Edition statement | New paperback ed. |
| 260 ## - PUBLICATION, DISTRIBUTION, ETC. (IMPRINT) | |
| Place of publication, distribution, etc | London ; |
| -- | New York : |
| Name of publisher, distributor, etc | I. B. Tauris, |
| Date of publication, distribution, etc | c.2013. |
| 300 ## - PHYSICAL DESCRIPTION | |
| Extent | xv, 207 p.: |
| Other physical details | ill. ; |
| Dimensions | 22 cm. |
| 504 ## - BIBLIOGRAPHY, ETC. NOTE | |
| Bibliography, etc | Includes bibliographical references and indexes. |
| 650 ## - SUBJECT ADDED ENTRY--TOPICAL TERM | |
| Source of heading or term | BUEsh |
| 651 #0 - SUBJECT ADDED ENTRY--GEOGRAPHIC NAME | |
| Geographic name | United States |
| General subdivision | Foreign relations |
| Geographic subdivision | Syria. |
| Source of heading or term | BUEsh |
| 9 (RLIN) | 41467 |
| 651 #0 - SUBJECT ADDED ENTRY--GEOGRAPHIC NAME | |
| Geographic name | Syria |
| General subdivision | Foreign relations |
| Geographic subdivision | United States. |
| Source of heading or term | BUEsh |
| 653 ## - INDEX TERM--UNCONTROLLED | |
| Resource For college | BAEPS, Political Science |
| Arrived date list | October2016 |
| 942 ## - ADDED ENTRY ELEMENTS (KOHA) | |
| Source of classification or shelving scheme | Dewey Decimal Classification |
| Withdrawn status | Item status | Source of classification or shelving scheme | Damaged status | Not for loan | Vendor | Home library | Current library | Shelving location | Date acquired | Source of acquisition | Cost, normal purchase price | Total Checkouts | Full call number | Barcode | Date last seen | Cost, replacement price | Koha item type |
|---|---|---|---|---|---|---|---|---|---|---|---|---|---|---|---|---|---|
| Dewey Decimal Classification | AUC | Central Library | Central Library | First floor | 12/10/2016 | Purchase | 30.00 | 327.7305691 MOU | 000034023 | 15/07/2025 | 37.50 | Book - Borrowing |